=LDR 00000nam 2200000 4500 =001 INLIS000000000040686 =005 20130612150239 =008 ***********************************ind** =035 ##$$0010-061300000040686 =041 ##$$a ind =082 ##$$a 813 =090 ##$$a 813, Sin a.1 =100 ##$$a SINGH, Malini =245 ##$$a Archangel's kist, Kecupan sang malaikat, Naini singh;Penerjemah,Yolanda oktavia;Penyunting, Dimas uki gedawan =260 ##$$a 2011 $b Jakarta =300 ##$$a 468 Hlm, 18 cm =650 ##$$a FIKSI =700 ##$$a OKTAVIA, Yolanda =850 ##$$a NBPNMAT